Vasco de Quiroga : (Registro nro. 28922)

Detalles MARC
000 -LEADER
fixed length control field 00865nam a22002057a 4500
005 - DATE AND TIME OF LATEST TRANSACTION
control field 20150124123150.0
008 - FIXED-LENGTH DATA ELEMENTS--GENERAL INFORMATION
fixed length control field 120209t mx||||| |||| 00| 0 spa d
020 ## - INTERNATIONAL STANDARD BOOK NUMBER
International Standard Book Number 9786077852070
050 04 - LIBRARY OF CONGRESS CALL NUMBER
Classification number F1306 .73 .Q57
Item number R63 2010
100 1# - MAIN ENTRY--PERSONAL NAME
Personal name Robles Diosdado, Juan
245 10 - TITLE STATEMENT
Title Vasco de Quiroga :
Remainder of title laico misionero /
Statement of responsibility, etc Juan Robles Diosdado.
250 ## - EDITION STATEMENT
Edition statement 1a ed.
260 ## - PUBLICATION, DISTRIBUTION, ETC. (IMPRINT)
Place of publication, distribution, etc Morelia, Michoacán de Ocampo, México :
Name of publisher, distributor, etc Universidad Vasco de Quiroga (UVAQ) : Ediciones Papiro Omega,
Date of publication, distribution, etc 2010
300 ## - PHYSICAL DESCRIPTION
Extent 431 p. ;
Dimensions 23 cm.
504 ## - BIBLIOGRAPHY, ETC. NOTE
Bibliography, etc Bibliografía: p. 403-431 e índice
600 17 - SUBJECT ADDED ENTRY--PERSONAL NAME
Source of heading or term LEMB
Personal name Quiroga, Vasco de,
Titles and other words associated with a name [Don]
Dates associated with a name [1470?-1565]
Fuller form of name [Vasco Vázquez de Quiroga y Alonso de la Cárcel]
General subdivision Misiones
650 #7 - SUBJECT ADDED ENTRY--TOPICAL TERM
Source of heading or term ESCAMILLA
Topical term or geographic name as entry element Indios de México
General subdivision Tarascos
-- Condiciones sociales
651 #7 - SUBJECT ADDED ENTRY--GEOGRAPHIC NAME
Source of heading or term LEMB
Geographic name Michoacán de Ocampo
Geographic subdivision México
General subdivision Historia
-- Colonia, 1517-1821
942 ## - ADDED ENTRY ELEMENTS (KOHA)
Source of classification or shelving scheme Biblioteca del Cogreso de los Estados Unidos
Koha item type Libro
Existencias
Estado de pérdida Fuente de clasificación Estado del daño No para préstamo Ubicación permanente Ubicación actual Apartado o colección Fecha de adquisición Edición Dependencia de educación superior (DES) Área del conocimiento Clasificación Código de Barras Date last seen Número de copia Costo por reposición Tipo de recurso Nota pública
  Biblioteca del Cogreso de los Estados Unidos     Biblioteca del Instituto de Investigaciones Históricas Biblioteca del Instituto de Investigaciones Históricas Fondo Michoacán 09/02/2012 1 Humanidades Ciencias Sociales y Administrativas F1306 .73 .Q57 R63 2010 IIH000005683 09/02/2012 C:1 1.00 Libro MICHOACÁN